000 00585cam a2200193u 4500
001 000010771
005 20200929162305.0
008 831004m19679999pr |||||||||| 0 | spa
010 _a68064625
040 _aDO-SdBNP
_cCarP
_dDLC
050 0 0 _aQC25
_b.N3918
100 1 _aNedelsky, Leo. [from old catalog]
_925994
245 1 0 _aIntroduccion a la fisica.
260 _a[San Juan, :
_bP.T., Editorial del Departamento de Instruccion Publica,
_c1967-].
300 _av. :
_billus., port. ;
_c25 cm.
500 _aSerial.
650 0 _aPhysics.
_925995
910 _aCatalogación derivada
999 _c10524
_d10524